[Event "Barcelona Rubinenca op 2nd"]
[Site "Barcelona"]
[Date "2023.09.22"]
[Round "1"]
[White "Martinez Ferrer, Albert"]
[Black "Cruz, Jonathan"]
[Result "0-1"]
[WhiteElo "1557"]
[BlackElo "2324"]
[PlyCount "66"]
[EventDate "2023.09.22"]
[EventType "swiss"]
[EventRounds "9"]
[EventCountry "ESP"]
[SourceTitle "EXT 2025"]
[Source "ChessBase"]
[SourceDate "2024.10.14"]
[SourceVersion "1"]
[SourceVersionDate "2024.10.14"]
[SourceQuality "1"]

1. e4 e5 2. Nf3 Nc6 3. Bc4 Be7 4. d3 Nf6 5. h3 d6 6. Be3 Na5 7. Nc3 0-0 8. 0-0 c6 9. a3 d5 10. Ba2 d4 11. b4 dxc3 12. bxa5 Qxa5 13. Qc1 Ne8 14. Bg5 Bd6 15. Be3 Nc7 16. Bb3 Ne6 17. Bxe6 Bxe6 18. Ng5 Bc8 19. a4 h6 20. Nf3 f5 21. exf5 Bxf5 22. Nh2 Qc7 23. f4 Rae8 24. Ng4 Bxg4 25. hxg4 exf4 26. Bd4 f3 27. Rxf3 Rxf3 28. gxf3 Bc5 29. Bxc5 Qg3+ 30. Kf1 Qxf3+ 31. Bf2 Qh1+ 32. Bg1 Rf8+ 33. Ke2 Qf3+ 0-1

[Event "ESP-ch Rapid"]
[Site "Linares"]
[Date "2023.08.19"]
[Round "4"]
[White "Cruz, Jonathan"]
[Black "Ingunza Curro, Andres"]
[Result "1/2-1/2"]
[WhiteElo "2328"]
[BlackElo "2333"]
[PlyCount "115"]
[EventDate "2023.08.19"]
[EventType "swiss (rapid)"]
[EventRounds "10"]
[EventCountry "ESP"]
[SourceTitle "CBM 215 Extra"]
[Source "ChessBase"]
[SourceDate "2023.09.30"]
[SourceVersion "1"]
[SourceVersionDate "2023.09.30"]
[SourceQuality "1"]

1. Nf3 Nf6 2. g3 d5 3. Bg2 e6 4. 0-0 Be7 5. d3 c5 6. Nbd2 Nc6 7. c4 0-0 8. cxd5 exd5 9. b3 Re8 10. Bb2 a5 11. Rc1 b6 12. d4 Ba6 13. Re1 Bf8 14. Nf1 Rc8 15. Ne3 c4 16. bxc4 dxc4 17. Nxc4 Nxd4 18. Qxd4 Qxd4 19. Bxd4 Bxc4 20. Bh3 Be6 21. Rxc8 Bxc8 22. Bxc8 Rxc8 23. Bxb6 Bb4 24. Rd1 h6 25. a3 Bxa3 26. Bxa5 Rc2 27. Rd2 Rc5 28. Bd8 Ne4 29. Ra2 Rc1+ 30. Kg2 Bc5 31. e3 g5 32. Ne5 Rd1 33. Ba5 h5 34. h3 f6 35. Nf3 g4 36. hxg4 hxg4 37. Ng1 Kf7 38. Rc2 Ra1 39. Bc3 Ra3 40. Ne2 Ba7 41. Bd4 Bxd4 42. Nxd4 Ng5 43. Nf5 Ke6 44. Nd4+ Kd5 45. Rd2 Ke4 46. Nb5 Ra1 47. Nc3+ Kf5 48. Rd1 Rxd1 49. Nxd1 Ke4 50. Nc3+ Kd3 51. Nd5 Ne4 52. f3 gxf3+ 53. Kxf3 Nxg3 54. Kxg3 Ke4 55. Kg4 Kxd5 56. Kf5 Kc4 57. Kxf6 Kd3 58. Ke5 1/2-1/2

[Event "ESP-ch Rapid"]
[Site "Linares"]
[Date "2023.08.19"]
[Round "9"]
[White "Masague Artero, Guerau"]
[Black "Cruz, Jonathan"]
[Result "1/2-1/2"]
[WhiteElo "2296"]
[BlackElo "2328"]
[PlyCount "173"]
[EventDate "2023.08.19"]
[EventType "swiss (rapid)"]
[EventRounds "10"]
[EventCountry "ESP"]
[SourceTitle "CBM 215 Extra"]
[Source "ChessBase"]
[SourceDate "2023.09.30"]
[SourceVersion "1"]
[SourceVersionDate "2023.09.30"]
[SourceQuality "1"]

1. d4 Nf6 2. c4 c6 3. Nf3 g6 4. Nc3 d5 5. cxd5 Nxd5 6. e4 Nc7 7. h3 Bg7 8. Be3 0-0 9. Qd2 Nd7 10. Rd1 b6 11. Be2 Bb7 12. h4 Nf6 13. Bh6 Ne6 14. Bxg7 Nxg7 15. Ng5 c5 16. d5 Qc7 17. h5 gxh5 18. Nh3 Kh8 19. Qh6 Ng8 20. Qe3 Qe5 21. f4 Qf6 22. Ng5 e5 23. f5 Qh6 24. Qg3 Nf6 25. Nf3 Qf4 26. Qxf4 exf4 27. Rh4 Rfe8 28. Rxf4 Rad8 29. Bb5 Rg8 30. d6 a6 31. Bc4 Rgf8 32. Ne5 Kg8 33. Bd5 Bxd5 34. Nxd5 Nxd5 35. Rxd5 f6 36. Nc4 b5 37. Nb6 Rf7 38. d7 Re7 39. Rxc5 Rexd7 40. Nxd7 Rxd7 41. Rc6 Ne8 42. Rxa6 Nd6 43. b3 Kg7 44. Ke2 Nf7 45. g4 h4 46. Rf1 Ng5 47. Rh1 h3 48. Rb6 Re7 49. Rxb5 Nxe4 50. Kf3 Ng5+ 51. Kg3 Re3+ 52. Kf2 Rc3 53. Rb7+ Kh6 54. Rb6 Ne4+ 55. Kg1 Kg5 56. Rb4 Kf4 57. Rc4 Rd3 58. Kh2 Kf3 59. Rf1+ Ke2 60. Rf4 Ng5 61. Rc2+ Ke3 62. Rfc4 Rd1 63. R4c3+ Ke4 64. Re2+ Kf4 65. Rc4+ Kf3 66. Rec2 Ke3 67. R4c3+ Kf4 68. b4 Kxg4 69. b5 Rb1 70. Rb3 Nf3+ 71. Rxf3 Kxf3 72. a4 Ra1 73. Rc3+ Ke4 74. Rc4+ Kd5 75. Rb4 Kc5 76. Re4 Ra3 77. Rh4 h5 78. Re4 Kd5 79. Rb4 Kc5 80. Rh4 Kb6 81. Rxh3 Rxa4 82. Rxh5 Rf4 83. Kg3 Rf1 84. Kg2 Rf4 85. Kg3 Rf1 86. Kg2 Rf4 87. Kg3 1/2-1/2

[Event "Sitges op 47th"]
[Site "Sitges"]
[Date "2023.07.28"]
[Round "7"]
[White "Cruz, Jonathan"]
[Black "Solodovnichenko, Yuri"]
[Result "1-0"]
[WhiteElo "2328"]
[BlackElo "2520"]
[PlyCount "105"]
[EventDate "2023.07.22"]
[EventType "swiss"]
[EventRounds "9"]
[EventCountry "ESP"]
[SourceTitle "CBM 215 Extra"]
[Source "ChessBase"]
[SourceDate "2023.09.30"]
[SourceVersion "1"]
[SourceVersionDate "2023.09.30"]
[SourceQuality "1"]

1. Nf3 c5 2. g3 b6 3. Bg2 Bb7 4. 0-0 Nf6 5. d3 e6 6. e4 d6 7. Ng5 Nfd7 8. f4 Be7 9. Qh5 Bxg5 10. fxg5 Ne5 11. Nc3 Nbc6 12. Be3 Qe7 13. Rf2 g6 14. Qh3 Qf8 15. Raf1 Qg7 16. Nb5 0-0-0 17. Rxf7 Nxf7 18. Qxe6+ Kb8 19. Rxf7 Qe5 20. Qb3 Na5 21. Rxb7+ Nxb7 22. Qf7 Rhf8 23. Qc7+ Ka8 24. Qxh7 a6 25. Nc3 d5 26. Qxg6 d4 27. Bf4 Rxf4 28. gxf4 Qxf4 29. Nd5 Qc1+ 30. Bf1 Rf8 31. Nf6 Qe3+ 32. Kg2 Qd2+ 33. Kh1 Nd6 34. Qh6 Rf7 35. Qh4 Qc1 36. Kg1 Qe3+ 37. Kg2 Qd2+ 38. Kh3 Ka7 39. Qg3 Rg7 40. Kh4 Nf7 41. Qc7+ Ka8 42. Qc8+ Ka7 43. Qd7+ Kb8 44. Qe8+ Nd8 45. Qxd8+ Ka7 46. Nd5 Qf2+ 47. Kg4 Qg1+ 48. Kf5 Qxf1+ 49. Ke5 Qf7 50. Qxb6+ Ka8 51. Qxa6+ Kb8 52. Qb6+ Ka8 53. Nc7+ 1-0